| 000 | 01077nam a22002537a 4500 | ||
|---|---|---|---|
| 005 | 20120112143825.0 | ||
| 008 | 120112t xxu||||| |||| 00| 0 mar d | ||
| 010 | _aMAR-22007 | ||
| 020 |
_c300.00 _a8172941943 |
||
| 035 | _aMR-14665 | ||
| 037 | _bDBAD/PUB | ||
| 040 |
_aDPL _bMR |
||
| 082 | _a891.46301 | ||
| 100 |
_aगोर्ले, शिवराज _939079 |
||
| 245 |
_aमेख / _cशिवराज गोर्ले |
||
| 246 |
_aMekh _bby Shivraj Gorle |
||
| 260 |
_aपुणे _bदिलीपराज प्रकाशन _c2011 |
||
| 270 |
_a251क,शनिवार पेठ, _bपुणे _e411030 |
||
| 300 |
_a292पृ _c21सेमी(अजिल्द) |
||
| 650 |
_aमराठी कथासंग्रह _945447 |
||
| 650 |
_aMarathi Short Stories _945448 |
||
| 942 |
_2ddc _cMR _mगोर्लेशि _h891.46301 |
||
| 999 |
_c65328 _d65328 |
||